00928nam a2200241 a 450000100100000000500170001000800410002702000150006804000250008308200160010810000240012424500840014826000520023230000210028450000330030550000420033850400740038053400510045470000350050504900090054095201200054999900170066900002485020200930023415.0110207s1976 xxu r 001 0 spa d a0311090770 aDO-SdBNPbspacBNPHU axxxxbS779t1 aStagg, Frank95099910aTeología del nuevo testamento /cFrank Stagg , traducción Arnoldo Canclini. aTexas :bCasa Bautista de Publicaciones,c1976. a345 p. ;c21 cm. aIncluye índice de asuntos. aIncluye índice de citas bíblicas. aIncluye referencias bibliográficas y notas al pie de las páginas. tNew testament theology.cBroadman press, 1962.1 aCanclini, Arnoldo,etr.923732 aBNGR 001054708MOaGRbGRcCTd2011-02-07iLF1l0oxxxx S779tp24850-10r2020-06-25w2020-06-25y4ZPréstamo en sala c24343d24343